Commutative group algebras
Saved in:
| 主要作者: | |
|---|---|
| 格式: | 圖書 |
| 語言: | 英语 |
| 出版: |
Nueva York
Marcel Dekker
1983
|
| 叢編: | Pure and applied mathematics
|
| 主題: | |
| 標簽: |
添加標簽
沒有標簽, 成為第一個標記此記錄!
|
MARC
| LEADER | 00000nam a2200000 a 4500 | ||
|---|---|---|---|
| 001 | UCW1323 | ||
| 003 | CL-VaPUC | ||
| 008 | 920305e19830000US |||||||||||||||||eng|d | ||
| 082 | 0 | 4 | |a 512.24 |b KAR |2 21 |
| 100 | |a Karpilovsky, Gregory |e author |9 305252 | ||
| 245 | 1 | 0 | |a Commutative group algebras |
| 300 | |a 223 p | ||
| 942 | |c BK | ||
| 945 | |d 19920305 00:00:00 | ||
| 260 | |a Nueva York |b Marcel Dekker |c 1983 | ||
| 650 | 0 | |a Álgebra conmutativa |9 269932 | |
| 650 | 7 | |a GRUPOS ABELIANOS |2 CL-VaPUC |9 270300 | |
| 583 | |a last modification |c 19920305 00:00:00 |k Rodrigo Vera | ||
| 490 | 0 | |a Pure and applied mathematics | |
| 999 | |c 216236 |d 216234 | ||
| 952 | |0 0 |1 0 |4 0 |6 512_240000000000000_KAR_1983 |7 0 |8 A |9 201772 |a BIBMAT |b BIBMAT |d 2019-11-14 |i 2690004 |o 512.24 KAR 1983 |p 2690004 |r 2025-01-07 |w 2019-11-14 |y BK |k MAT | ||